000 nam a22 7a 4500
999 _c8802
_d8802
008 180119b ||||| |||| 00| 0 eng d
100 _aNCERT
_95134
245 _aContemprory world politics XII I
260 _aNCERT
_bNew Delhi
_c2007